<?xml version="1.0" encoding="UTF-8"?><?xml-stylesheet type="text/xsl" href="static/style.xsl"?><OAI-PMH xmlns="http://www.openarchives.org/OAI/2.0/" xmlns:xsi="http://www.w3.org/2001/XMLSchema-instance" xsi:schemaLocation="http://www.openarchives.org/OAI/2.0/ http://www.openarchives.org/OAI/2.0/OAI-PMH.xsd"><responseDate>2026-04-17T11:23:27Z</responseDate><request verb="GetRecord" identifier="oai:www.recercat.cat:2117/328931" metadataPrefix="marc">https://recercat.cat/oai/request</request><GetRecord><record><header><identifier>oai:recercat.cat:2117/328931</identifier><datestamp>2026-01-15T06:11:01Z</datestamp><setSpec>com_2072_1033</setSpec><setSpec>col_2072_452950</setSpec></header><metadata><record xmlns="http://www.loc.gov/MARC21/slim" xmlns:dcterms="http://purl.org/dc/terms/" xmlns:xsi="http://www.w3.org/2001/XMLSchema-instance" xmlns:doc="http://www.lyncode.com/xoai" xsi:schemaLocation="http://www.loc.gov/MARC21/slim http://www.loc.gov/standards/marcxml/schema/MARC21slim.xsd">
   <leader>00925njm 22002777a 4500</leader>
   <datafield ind2=" " ind1=" " tag="042">
      <subfield code="a">dc</subfield>
   </datafield>
   <datafield ind2=" " ind1=" " tag="720">
      <subfield code="a">Gamardella, Francesco</subfield>
      <subfield code="e">author</subfield>
   </datafield>
   <datafield ind2=" " ind1=" " tag="720">
      <subfield code="a">Flor López, Sílvia de la</subfield>
      <subfield code="e">author</subfield>
   </datafield>
   <datafield ind2=" " ind1=" " tag="720">
      <subfield code="a">Ramis Juan, Xavier</subfield>
      <subfield code="e">author</subfield>
   </datafield>
   <datafield ind2=" " ind1=" " tag="720">
      <subfield code="a">Serra Albet, Maria Àngels</subfield>
      <subfield code="e">author</subfield>
   </datafield>
   <datafield ind2=" " ind1=" " tag="260">
      <subfield code="c">2020-06-01</subfield>
   </datafield>
   <datafield ind2=" " ind1=" " tag="520">
      <subfield code="a">Networked poly(thiourethane) materials with Tgs around 130 °C, derived from two aliphatic isocyanates (isophorone diisocyanate, IPDI and 4,4'-methylene bis(cyclohexyl isocyanate), HMDI) and one aromatic diisocyanate (toluene-2,4-diisocyanate, TDI) have been prepared with the same trithiol as comonomer (trimethylol propane tris(3-mercaptopropionate), S3) in stoichiometric proportions in the presence of dibutyltin dilaurate (DBTDL) as the catalyst. The higher reactivity of TDI allowed the preparation of this material in absence of catalyst. The evolution of the curing process has been followed by FTIR. Thermomechanical studies have been performed to determine their viscoelastic properties and their vitrimeric behaviour. The materials were able to reach a complete relaxation stress state thanks to the exchange process of the thiourethane moiety. Among them, TDI derived material experimented the fastest relaxation. The materials were also characterized by thermogravimetry and tensile tests. The recycled materials obtained by grinding the original thermosets and hot-pressing the powder have been fully characterized by mechanical, thermomechanical and FTIR studies, which allowed to confirm their recyclability without appreciable changes in the network structure. The presence of DBTDL in the materials has been proved to be necessary to reach a good recyclability.</subfield>
   </datafield>
   <datafield ind2=" " ind1=" " tag="520">
      <subfield code="a">Postprint (author's final draft)</subfield>
   </datafield>
   <datafield tag="653" ind2=" " ind1=" ">
      <subfield code="a">Àrees temàtiques de la UPC::Enginyeria dels materials</subfield>
   </datafield>
   <datafield tag="653" ind2=" " ind1=" ">
      <subfield code="a">Àrees temàtiques de la UPC::Enginyeria química</subfield>
   </datafield>
   <datafield tag="653" ind2=" " ind1=" ">
      <subfield code="a">Heat resistant plastics</subfield>
   </datafield>
   <datafield tag="653" ind2=" " ind1=" ">
      <subfield code="a">Vitrimers</subfield>
   </datafield>
   <datafield tag="653" ind2=" " ind1=" ">
      <subfield code="a">Poly(thiourethane)</subfield>
   </datafield>
   <datafield tag="653" ind2=" " ind1=" ">
      <subfield code="a">Thermosets</subfield>
   </datafield>
   <datafield tag="653" ind2=" " ind1=" ">
      <subfield code="a">Recyclability</subfield>
   </datafield>
   <datafield tag="653" ind2=" " ind1=" ">
      <subfield code="a">Covalent adapatable networks</subfield>
   </datafield>
   <datafield tag="653" ind2=" " ind1=" ">
      <subfield code="a">Plàstics termostables</subfield>
   </datafield>
   <datafield ind2="0" ind1="0" tag="245">
      <subfield code="a">Recyclable poly(thiourethane) vitrimers with high Tg. Influence of the isocyanate structure</subfield>
   </datafield>
</record></metadata></record></GetRecord></OAI-PMH>